Statistics for Hosting The FIFA World Cup Quiz

Click here to take the quiz!

General Stats

  • This quiz has been taken 17 times
    (2 since last reset)
  • The average score is 12 of 15

Answer Stats

QuestionAnswer% Correct
Who hosted the FIFA World Cup and won it in 1966?England
100%
Who will host the FIFA World Cup 2026?North America
100%
Who will host the FIFA World Cup 2030?Not Decided
100%
Who will host the FIFA World Cup 2034?Not Decided
100%
Who will host the FIFA World Cup 2038?Not Decided
100%
Who hosted the FIFA World Cup in 2018 and got banned in 2022?Russia
100%
Who hosted the FIFA World Cup in 2010?South Africa
100%
Which Asian Nation was first to host the FIFA World Cup?South Korea
100%
Who hosted the first ever FIFA World Cup?Uruguay
100%
Who hosted the FIFA World Cup 1994?USA
100%
Who hosted the third ever FIFA World Cup?France
50%
Who hosted the FIFA World Cup in 2006?Germany
50%
Who hosted the second ever FIFA World Cup?Italy
50%
Who hosted the FIFA World Cup in 1970 and 1986?Mexico
50%
Who has hosted the FIFA World Cup the most?No Team
0%

Score Distribution

Percentile by Number Answered

Percent of People with Each Score

Your Score History

You have not taken this quiz since the last reset